<?xml version="1.0" encoding="UTF-8"?>
<record
    xmlns:xsi="http://www.w3.org/2001/XMLSchema-instance"
    xsi:schemaLocation="http://www.loc.gov/MARC21/slim http://www.loc.gov/standards/marcxml/schema/MARC21slim.xsd"
    xmlns="http://www.loc.gov/MARC21/slim">

  <leader>00759nam a22001577a 4500</leader>
  <controlfield tag="003">LRUA</controlfield>
  <controlfield tag="005">20210126132128.0</controlfield>
  <controlfield tag="008">200210b        xxu||||| |||| 00| 0 eng d</controlfield>
  <datafield tag="040" ind1=" " ind2=" ">
    <subfield code="c">rua</subfield>
  </datafield>
  <datafield tag="082" ind1=" " ind2=" ">
    <subfield code="a">AVM IN 2018 B658 Or.1</subfield>
  </datafield>
  <datafield tag="100" ind1=" " ind2=" ">
    <subfield code="9">14170</subfield>
    <subfield code="a">IN LY &#x17A2;&#x17CA;&#x17B7;&#x1793; &#x179B;&#x17B8;</subfield>
  </datafield>
  <datafield tag="245" ind1=" " ind2=" ">
    <subfield code="a">antimicrobial resistance profile of vibio spp. in shrimp (penaeus monodon) sell al central market in phnom penh  &#x1797;&#x17B6;&#x1796;&#x179F;&#x17BB;&#x17C6;&#x17B6;&#x1794;&#x17B6;&#x1780;&#x17CB;&#x178F;&#x17C1;&#x179A;&#x17B8; &#x179C;&#x17B8;&#x1794;&#x17D2;&#x179A;&#x17CA;&#x17B8;&#x17A2;&#x17BC;&#x17A2;&#x17C1;&#x179F;&#x1797;&#x17B8;&#x1797;&#x17B8; &#x1791;&#x179B;&#x17CB;&#x1793;&#x17BA;&#x1784;&#x17AA;&#x179F;&#x1790;&#x17A2;&#x1784;&#x17CB;&#x1791;&#x17B8;&#x1794;&#x17D2;&#x1794;&#x17BC;&#x1791;&#x17B7;&#x1785;&#x179B;&#x17BE;&#x1794;&#x1784;&#x17D2;&#x1782;&#x17B6;&#x179B;&#x1780;&#x17CB;&#x1793;&#x17C5;&#x1795;&#x17D2;&#x179F;&#x17B6;&#x179A;&#x1792;&#x17C6;&#x1790;&#x17D2;&#x1798;&#x17B8; &#x179A;&#x17B6;&#x1787;&#x1792;&#x17B6;&#x1793;&#x17B8;&#x1797;&#x17D2;&#x1793;&#x17C6;&#x1796;&#x17C1;&#x1789;</subfield>
  </datafield>
  <datafield tag="260" ind1=" " ind2=" ">
    <subfield code="a">rua</subfield>
    <subfield code="b">phnom penh</subfield>
    <subfield code="c">2018</subfield>
  </datafield>
  <datafield tag="300" ind1=" " ind2=" ">
    <subfield code="a">ix;34p</subfield>
    <subfield code="b">ill;</subfield>
    <subfield code="c">29cm</subfield>
  </datafield>
  <datafield tag="942" ind1=" " ind2=" ">
    <subfield code="2">ddc</subfield>
    <subfield code="c">AVM</subfield>
  </datafield>
  <datafield tag="999" ind1=" " ind2=" ">
    <subfield code="c">18906</subfield>
    <subfield code="d">18906</subfield>
  </datafield>
  <datafield tag="952" ind1=" " ind2=" ">
    <subfield code="0">0</subfield>
    <subfield code="1">0</subfield>
    <subfield code="2">ddc</subfield>
    <subfield code="4">0</subfield>
    <subfield code="6">AVM_IN_2018_000000000000000_B658_OR</subfield>
    <subfield code="7">0</subfield>
    <subfield code="9">83605</subfield>
    <subfield code="a">LBB</subfield>
    <subfield code="b">LBB</subfield>
    <subfield code="c">B658</subfield>
    <subfield code="d">2020-02-10</subfield>
    <subfield code="l">3</subfield>
    <subfield code="o">AVM IN 2018 B658 Or.</subfield>
    <subfield code="p">A43654</subfield>
    <subfield code="r">2023-07-07</subfield>
    <subfield code="s">2023-06-23</subfield>
    <subfield code="w">2020-02-10</subfield>
    <subfield code="y">AVM</subfield>
  </datafield>
  <datafield tag="952" ind1=" " ind2=" ">
    <subfield code="0">0</subfield>
    <subfield code="1">0</subfield>
    <subfield code="2">ddc</subfield>
    <subfield code="4">0</subfield>
    <subfield code="6">AVM_IN_2018_000000000000000_B658_OR</subfield>
    <subfield code="7">0</subfield>
    <subfield code="9">83606</subfield>
    <subfield code="a">LBB</subfield>
    <subfield code="b">LBB</subfield>
    <subfield code="c">B658</subfield>
    <subfield code="d">2020-02-10</subfield>
    <subfield code="l">1</subfield>
    <subfield code="o">AVM IN 2018 B658 Or.</subfield>
    <subfield code="p">A42455</subfield>
    <subfield code="r">2022-04-01</subfield>
    <subfield code="s">2022-03-11</subfield>
    <subfield code="w">2020-02-10</subfield>
    <subfield code="y">AVM</subfield>
  </datafield>
  <datafield tag="952" ind1=" " ind2=" ">
    <subfield code="0">0</subfield>
    <subfield code="1">0</subfield>
    <subfield code="2">ddc</subfield>
    <subfield code="4">0</subfield>
    <subfield code="6">AVM_IN_2018_000000000000000_B658_OR</subfield>
    <subfield code="7">0</subfield>
    <subfield code="9">83607</subfield>
    <subfield code="a">LBB</subfield>
    <subfield code="b">LBB</subfield>
    <subfield code="c">B658</subfield>
    <subfield code="d">2020-02-10</subfield>
    <subfield code="o">AVM IN 2018 B658 Or.</subfield>
    <subfield code="p">A44023</subfield>
    <subfield code="r">2020-02-10</subfield>
    <subfield code="w">2020-02-10</subfield>
    <subfield code="y">AVM</subfield>
  </datafield>
  <datafield tag="952" ind1=" " ind2=" ">
    <subfield code="0">0</subfield>
    <subfield code="1">0</subfield>
    <subfield code="2">ddc</subfield>
    <subfield code="4">0</subfield>
    <subfield code="6">AVM_IN_2018_000000000000000_B658_OR</subfield>
    <subfield code="7">0</subfield>
    <subfield code="9">83608</subfield>
    <subfield code="a">LBB</subfield>
    <subfield code="b">LBB</subfield>
    <subfield code="c">B658</subfield>
    <subfield code="d">2020-02-10</subfield>
    <subfield code="o">AVM IN 2018 B658 Or.</subfield>
    <subfield code="p">A43908</subfield>
    <subfield code="r">2020-02-10</subfield>
    <subfield code="w">2020-02-10</subfield>
    <subfield code="y">AVM</subfield>
  </datafield>
  <datafield tag="952" ind1=" " ind2=" ">
    <subfield code="0">0</subfield>
    <subfield code="1">0</subfield>
    <subfield code="2">ddc</subfield>
    <subfield code="4">0</subfield>
    <subfield code="6">AVM_IN_2018_000000000000000_B658_OR_1</subfield>
    <subfield code="7">0</subfield>
    <subfield code="9">86612</subfield>
    <subfield code="a">LBB</subfield>
    <subfield code="b">LBB</subfield>
    <subfield code="c">B658</subfield>
    <subfield code="d">2021-01-26</subfield>
    <subfield code="l">1</subfield>
    <subfield code="o">AVM IN 2018 B658 Or.1</subfield>
    <subfield code="p">A064789</subfield>
    <subfield code="r">2023-07-07</subfield>
    <subfield code="s">2023-06-27</subfield>
    <subfield code="w">2021-01-26</subfield>
    <subfield code="y">AVM</subfield>
  </datafield>
  <datafield tag="952" ind1=" " ind2=" ">
    <subfield code="0">0</subfield>
    <subfield code="1">0</subfield>
    <subfield code="2">ddc</subfield>
    <subfield code="4">0</subfield>
    <subfield code="6">AVM_IN_2018_000000000000000_B658_OR_1</subfield>
    <subfield code="7">0</subfield>
    <subfield code="9">86613</subfield>
    <subfield code="a">LBB</subfield>
    <subfield code="b">LBB</subfield>
    <subfield code="c">B658</subfield>
    <subfield code="d">2021-01-26</subfield>
    <subfield code="o">AVM IN 2018 B658 Or.1</subfield>
    <subfield code="p">A064849</subfield>
    <subfield code="r">2021-01-26</subfield>
    <subfield code="w">2021-01-26</subfield>
    <subfield code="y">AVM</subfield>
  </datafield>
</record>
